The Biblical doctrine of heaven, (Record no. 5845)

MARC details
000 -LEADER
fixed length control field 00721cam a22002411 4500
001 - CONTROL NUMBER
control field 4066631
003 - CONTROL NUMBER IDENTIFIER
control field GBCCL
005 - DATE AND TIME OF LATEST TRANSACTION
control field 20241126110551.0
008 - FIXED-LENGTH DATA ELEMENTS--GENERAL INFORMATION
fixed length control field 700928s1968 ilu b 000 0 eng
010 ## -
-- 68018883
040 ## - CATALOGING SOURCE
Original cataloging agency DLC
Transcribing agency DLC
Modifying agency DLC
050 00 -
-- BT846.2
-- .S6
082 00 - DEWEY DECIMAL CLASSIFICATION NUMBER
Classification number 236.24
-- 220.823624
Item number SMI
100 1# - MAIN ENTRY--PERSONAL NAME
Personal name Smith, Wilbur M.
Fuller form of name (Wilbur Moorehead),
Dates associated with a name 1894-1976.
9 (RLIN) 5069
245 14 - TITLE STATEMENT
Title The Biblical doctrine of heaven,
Statement of responsibility, etc. by Wilbur M. Smith.
250 ## - EDITION STATEMENT
Edition statement [1st ed.]
260 ## - PUBLICATION, DISTRIBUTION, ETC.
Place of publication, distribution, etc. Chicago,
Name of publisher, distributor, etc. Moody Press
Date of publication, distribution, etc. [1968]
300 ## - PHYSICAL DESCRIPTION
Extent 317 p.
Dimensions 22 cm.
504 ## - BIBLIOGRAPHY, ETC. NOTE
Bibliography, etc. note Bibliography: p. 289-301.
650 #0 - SUBJECT ADDED ENTRY--TOPICAL TERM
Topical term or geographic name entry element Heaven
General subdivision Biblical teaching.
9 (RLIN) 5041
906 ## - LOCAL DATA ELEMENT F, LDF (RLIN)
a 7
b cbc
c orignew
d u
e ncip
f 19
g y-gencatlg
942 ## - ADDED ENTRY ELEMENTS (KOHA)
Source of classification or shelving scheme Dewey Decimal Classification
Koha item type Books
Koha issues (borrowed), all copies 1
Holdings
Withdrawn status Lost status Source of classification or shelving scheme Damaged status Not for loan Home library Current Library Shelving location Date acquired Total checkouts Full call number Barcode Date last seen Date last checked out Copy number Price effective from Koha item type
    Dewey Decimal Classification     GRACE BIBLE COLLEGE GRACE BIBLE COLLEGE Theology 2018-04-11 1 236.24 SMI 007013 2025-05-01 2018-10-16 c.1 2018-04-11 Books
© Grace Bible College Library 2025